Score 0/50 Timer 10:00
0 Plays Today
% Correct
How do you measure- measure a year
80.3%
And I'll wear my pearls
69.7%
Do not speak as loud as my heart
67.4%
Children get older
61.4%
But I'm a little drunk and I need you now
61.4%
I miss my mom and dad for this
58.7%
For once in my life
56.4%
No pleasure cruise
55.7%
And I'll be right home to you
54.5%
I wish it from myself
52.7%
I gotta know right now
51.9%
The movies and the factories
49.2%
I'll tell them we both just moved on
45.8%
That's good, bad, or mediocre
44.7%
She would never let herself forget
44.3%
Make your dreams come true
43.9%
Put our dreams through the shredder
41.7%
It's because of you
41.7%
You don't get to get me back
40.9%
Lonely like a highway
39.8%
It seems like years since it's been here
39%
Just a bit jealous of me
38.3%
They're looking for my heart
37.9%
I was your clown
37.5%
Tight
37.1%
% Correct
Then refuse to see it through
35.6%
You and me
35.2%
I know this is love
33.7%
What true love can really do
33.7%
From the bottom of the pit right to the top
33.3%
I'm paralyzed
33.3%
Come take my hand now
33%
That you'll leave the light on
31.8%
Whatever you want
31.1%
Just for fun and nothing meant
30.7%
Forever and forever
30.7%
There were tears in your eyes
30.3%
Always down for the ride
29.5%
Myself and I
28.8%
To build a wall between us
28%
That I can't touch I'm torn
25.8%
I've got another headache again tonight
23.9%
I've left them all behind
23.5%
How am I supposed to know
20.5%
You make me testify
20.5%
When you won't take it from me
19.7%
Of a captive bird
19.3%
Here's the thing to do
16.7%
I wish I had you near me now
11.7%
You say you love me but you don't know
9.8%
Remove Ads.
Support Sporcle.
Get the best of Sporcle when you Go Orange. This ad-free experience offers more features, more stats, and more fun while also helping to support Sporcle. Thank you for becoming a member.

You're not logged in!

Compare scores with friends on all Sporcle quizzes.
OR
Log In

Show Comments

Extras

Created Oct 19, 2013ReportNominate
Tags:Glee

Top Quizzes Today


Score Distribution

Your Account Isn't Verified!

In order to create a playlist on Sporcle, you need to verify the email address you used during registration. Go to your Sporcle Settings to finish the process.

Report this User

Report this user for behavior that violates our Community Guidelines.

Details: